| 000 | 02005cam a2200457 i 4500 | ||
|---|---|---|---|
| 001 | GVRL51TD | ||
| 003 | MiFhGG | ||
| 005 | 20250820004433.0 | ||
| 006 | m o d | ||
| 007 | cr un ---uuuua | ||
| 008 | 200729t20212021caua ob 001 0 eng d | ||
| 020 |
_a9781071818329 _q(electronic book) |
||
| 020 |
_z9781071818336 _q(paperback) |
||
| 020 |
_z9781071818343 _q(epub) |
||
| 020 | _z9781071818299 | ||
| 035 | _a(OCoLC)1203137162 | ||
| 040 |
_aMiFhGG _beng _cMiFhGG _erda _epn |
||
| 050 | 4 |
_aLB1025.3 _b.H3798 2021 |
|
| 100 | 1 |
_aHattie, John, _eauthor. |
|
| 245 | 1 | 0 |
_aGreat teaching by design : _bfrom intention to implementation in the visible learning classroom / _cJohn Hattie [and four others]. |
| 264 | 1 |
_aThousand Oaks, California : _bCorwin Press, _c[2021] |
|
| 264 | 4 | _c©2021 | |
| 300 |
_a1 online resource (xii, 109 pages) : _bcolor illustrations |
||
| 336 |
_atext _btxt _2rdacontent |
||
| 337 |
_acomputer _bc _2rdamedia |
||
| 338 |
_aonline resource _bcr _2rdacarrier |
||
| 490 | 0 | _aGale eBooks | |
| 504 | _aIncludes bibliographical references and index. | ||
| 505 | 0 | _ach. 1. Implementing what works best -- ch. 2. Diagnosis and discovery -- ch. 3. Intervention -- ch. 4. Implementation -- ch. 5. Evaluation. | |
| 520 | _aThis book takes you step-by-step from intention to implementation to accelerate the impact your teaching has on student learning. | ||
| 588 | _aDescription based on print version record. | ||
| 650 | 0 |
_aEffective teaching _zUnited States. |
|
| 650 | 0 |
_aTeacher effectiveness _zUnited States. |
|
| 650 | 0 |
_aTeachers _xTraining of _zUnited States. |
|
| 650 | 0 |
_aTeachers _xIn service training _zUnited States. |
|
| 710 | 2 | _aGale (Firm) | |
| 776 | 0 | 8 |
_iPrint version: _tGreat teaching by design. _dThousand Oaks, California : Corwin Press, [2021] _z9781071818336 _w(DLC) 2020033498 |
| 856 | 4 | 0 |
_uhttps://link.gale.com/apps/pub/51TD/GVRL?sid=gale_marc&u=phurs _zAvailable via Gale eBooks. Click here to access |
| 912 | _a51TD | ||
| 942 |
_2lcc _cE-BOOK |
||
| 999 |
_c84267 _d84265 |
||